| 000 | 03437cam a2200505 i 4500 | ||
|---|---|---|---|
| 001 | data | ||
| 005 | 20260322212123.0 | ||
| 008 | data | ||
| 035 | _a18993641 | ||
| 906 |
_a7 _bcbc _ccopycat _d2 _eepcn _f20 _gy-gencatlg |
||
| 925 | 0 |
_aacquire _b2 shelf copies _xpolicy default |
|
| 010 | _a 2015509358 | ||
| 020 | _a9781619255395 | ||
| 020 | _a1619255391 | ||
| 035 | _a(OCoLC)897845420 | ||
| 040 |
_aDON _beng _cDON _erda _dDLC _dYDXCP _dBTCTA _dOCLCQ _dCUI _dSGB _dDLC |
||
| 042 | _alccopycat | ||
| 050 | 0 | 0 |
_aGE55 _b.C66 2014 |
| 082 | 0 | 4 |
_a333.720922 _223 |
| 245 | 0 | 0 | _aContemporary biographies in environment & conservation. |
| 246 | 3 | _aContemporary biographies in environment and conservation | |
| 264 | 1 |
_aAmenia, NY : _bGrey House Publishing, _aAmenia, NY : _bGrey House Publishing, _c[2014] |
|
| 264 | 4 | _c©2014 | |
| 300 |
_aix, 201 pages : _billustrations ; _c27 cm |
||
| 336 |
_atext _btxt _2rdacontent |
||
| 337 |
_aunmediated _bn _2rdamedia |
||
| 338 |
_avolume _bnc _2rdacarrier |
||
| 500 | _aEdition statement supplied by publisher. | ||
| 500 | _aCompanion to book titled: Careers in environment & conservation. | ||
| 500 | _aPart of a series that is supplemental to the Salem Press series: Careers in-- | ||
| 500 | _aContents extracted from the monthly magazine: Current biography. | ||
| 504 | _aIncludes bibliographical references and index. | ||
| 505 | 0 | _aPublisher's Note -- Contributor's List -- Balog, James -- Barlow, Maude -- Berenbaum, May R-- Bermen, Tzeporah -- Brown, Lester Russell --Dawes-Gromadzki, Tracy -- Earle, Sylvia A -- Ewango, Corneille -- Fay, J Michael -- Fowler, Cary -- Hauge, Frederic -- Hayes, Denis -- Jahren, A -- Hope -- Knoll, Andrew H -- Krupp, Frederic D -- McKibben, Bill -- Mittermeier, Russell A -- Moss, Cynthia -- Nabhan, Gary Paul -- Naidoo, Kumi -- Newsom, Lee A -- Novacek, Michael, J -- Rahmstorf, Stefan -- Schaller, George B -- Shapiro, Beth -- Shiva, Vandana -- Suzuki, David T -- Tewolde, Berhan Gebre Egziabher -- Thompson, Lonnie -- Wang, Canfa -- Appendixes. Historical Biographies. Charles William Beebe -- David Brower -- Rachel Carson -- Barry Commoner -- Jacques Yves-Cousteau -- Marjory Stoneman Douglas -- Aldo Leopold -- Wangari Maathi -- Roger Revelle -- Gilbert Fowler White -- Bibliography -- Selected Works -- Profession Index | |
| 520 | _aContemporary Biographies in Environment & Conservation is a collection of biographies of "living leaders" in the field of environment and conservation. A collection of biographies of notable figures in environmental science and conservation, this resource provides insight into the career paths and impact of these important figures...An amazing collection of living leaders in the field, this resource will provide important insight from a wide array of mentors for students and researchers considering a career in the environmental sciences. - Publisher | ||
| 650 | 0 |
_aEnvironmentalists _vBiography. |
|
| 650 | 0 |
_aNaturalists _vBiography. |
|
| 655 | 0 | _aBiography. | |
| 655 | 7 |
_aBiographies. _2lcgft _0https://id.loc.gov/authorities/genreForms/gf2014026049 |
|
| 730 | 0 |
_aCareers in environment & conservation. _iCompanion to (work) |
|
| 730 | 0 |
_aCareers in-- _iSubseries of |
|
| 730 | 0 |
_aCurrent biography. _iExtracted from (work) |
|
| 991 |
_br-SciRR _hGE55 _i.C66 2014 _tCopy 1 |
||
| 999 |
_c1893 _d1893 |
||